000 002570000a22000970004500
100 1 _aJaramillo Cárdenas, Luciano
245 1 0 _aDar o no dar regalos en navidad
300 _aVol. 9, Núm 49 (1997), Páginas 8
773 0 _tImpacto Presbiteriano
942 _cANA
999 _c51058
_d51058